000 00536nam a2200169 a 4500
005 20220607115240.0
008 991125s1934 mx 000 0 spa u
035 _aUPN01000002527
049 _aCG
050 4 _aHD1792
_bA53
245 0 0 _aAnales de la economía agrícola mexicana.
260 _aMéxico :
_bPRI, Secretaría de Acción Agraria,
_c1934.
300 _a369 p., [14] h. pleg. :
_bil.
500 _aT.1. de: Los problemas agrícolas de México
650 2 _aAgricultura
_xAspectos económicos
_zMéxico
_91868
905 _aLibro
999 _c2527
_d2527